| 000 | 00378nam a22001697a 4500 | ||
|---|---|---|---|
| 999 |
_c11708 _d11708 |
||
| 003 | OSt | ||
| 008 | 230116b ||||| |||| 00| 0 eng d | ||
| 020 | _a9788126562930 | ||
| 082 | _a332.6 JOI | ||
| 100 | _aJONES,Charles P | ||
| 245 | _aInvestments | ||
| 250 | _a12th Ed | ||
| 260 |
_aNew Delhi _bWiley _c2019 |
||
| 300 | _a638 | ||
| 650 | _aInvestments | ||
| 942 |
_2ddc _cREF |
||